01259cam a22003854i 4500003000900000005001700009008004100026035001900067040003300086082001900119100003900138245009100177264004200268300004500310336002100355337002500376338002300401504005600424505015000480526001000630526001000640526001000650526001000660526000800670526000800678526000800686526000800694526000800702526000800710526000800718541001600726600002900742630004900771630005300820PE-LiUPU20250731173328.0150625s r 000 0 d a(Sirsi) a39295 aPE-LiUPUbspacPE-LiUPUerda04a225.6bK682211 aKoester, Helmut,,d1926- ,eautor.10aPaul and his world :binterpreting the New Testament in its context /cHelmut Koester. 1aMinneapolis :bFortress Press,c2007. a301 páginas :bilustraciones ;c24 cm. atext2rdacontent aunmediated2rdamedia avolume2rdacarrier aIncluye notas bibliográficas al pie de páginas.0 aReading Paul: His letters and their interpretation. -Reading Paul's world: The cultural and religious environment. -Reading early Christianity. aSEG42 aSEG41 aSEG40 aSEG39 aP94 aP87 aP86 aP85 aP77 aP76 aP35 g01961-7000;1 aPablo, el ApóstolSanto aBiblia.pN.T.pEpistolas de PabloxTEOLOGIA. aBiblia.pN.T.pCrítica, interpretación, etc.